A random handful of countries to capital 3# - Statistics

General Stats
  • This quiz has been taken 8 times
  • The average score is 11 of 15
Answer Stats
Country Capital % Correct
Azerbaijan Baku
100%
Djibouti Djibouti
100%
Pakistan Islamabad
100%
Portugal Lisbon
100%
Switzerland Bern
88%
Cuba Havana
88%
Sweden Stockholm
88%
Iceland Reykjavik
75%
Taiwan Taipei
75%
Albania Tirana
75%
South Sudan Juba
63%
North Korea Pyongyang
63%
Latvia Riga
63%
Suriname Paramaribo
38%
Myanmar Napyidaw
0%
No matching quizzes found
Score Distribution
Percent of People with Each Score
Percentile by Number Answered
Your Score History
You have not taken this quiz